Una alfabetización científica para el siglo XXI. Obstáculos y propuestas de actuación.

Bibliographic Details
Main Author: Gil, Daniel
Other Authors: Vilches, Amparo
Format: Libro
Language:English
Published: Sevilla Díada 2001
Subjects:

MARC

LEADER 00000cam a2200000 a 4500
001 034849
003 UAHC_CL
005 20170803123808.0
008 020111b xx j 000 1 eng
040 |a UAHC_CL  |c UAHC_CL  |d UAHC_CL 
100 1 |a Gil, Daniel 
245 1 4 |a Una alfabetización científica para el siglo XXI. Obstáculos y propuestas de actuación. 
260 |a Sevilla  |b Díada  |c 2001 
650 4 |a ALFABETIZACION ( EDUCACION )  |y SIGLO 21 
700 1 |a Vilches, Amparo 
900 |a INVESTIGACION EN LA ESCUELA-43 
942 |c BK 
999 |c 34849  |d 34849